00281nam a2200121Ia 4500008004100000082001700041100001600058245002400074250000800098260003700106300000800143650000800151191201s2012 xx 000 0 und d a658.083bSHB aSHARMA, J K 0aBusiness Statistics a2nd aN.DelhibPearson Educationc2012 a732 aMBA